Normal view
MARC view
- SOURCEBOOK OF EARLY MODERN-LIFE-DEATH
Entry Topical Term
001 - CONTROL NUMBER
- control field: 6169
003 - CONTROL NUMBER IDENTIFIER
- control field: JO-AjAnu
005 - DATE AND TIME OF LATEST TRANSACTION
- control field: 20230606071312.0
008 - FIXED-LENGTH DATA ELEMENTS
- fixed length control field: 230606|| aca||aabn | a|a d
040 ## - CATALOGING SOURCE
- Original cataloging agency: JO-AjAnu
- Transcribing agency: JO-AjAnu
150 ## - HEADING--TOPICAL TERM
- Topical term or geographic name entry element: SOURCEBOOK OF EARLY MODERN-LIFE-DEATH
670 ## - SOURCE DATA FOUND
- Source citation: Work cat.: (JO-AjAnu)3197: edited Heumann, UTE Lotz, author 6168, A SOURCEBOOK OF EARLY MODERN EUROPEAN HISTORY: Life, Death, and Everything in Between